[Event "Stuttgarter Stadtmeisterschaft 2010 B"]
[Site "Ditzingen"]
[Date "2010.05.14"]
[Round "3.43"]
[White "Bay, Johannes"]
[Black "Obermeier, Carl"]
[Result "1/2-1/2"]
[WhiteElo "1650"]
[BlackElo "1392"]
[PlyCount "101"]
[EventDate "2010.??.??"]

1. e4 c6 2. d4 d5 3. exd5 cxd5 4. Nf3 Nf6 5. Bg5 Bg4 6. c3 e6 7. Nbd2 Be7 8.
Qc2 Nbd7 9. Bd3 Rc8 10. O-O h6 11. Be3 O-O 12. h3 Bxf3 13. Nxf3 Bd6 14. Rae1
Re8 15. Bd2 e5 16. dxe5 Nxe5 17. Nxe5 Bxe5 18. Bf5 Rc6 19. Re2 Bh2+ 20. Kxh2
Rxe2 21. Qd3 Qd6+ 22. Kg1 Re8 23. g3 Ne4 24. Bf4 Qd8 25. Rd1 Nf6 26. Qd4 Qb6
27. Qd2 Ne4 28. Qc2 Nf6 29. Be3 Qc7 30. Bd3 a6 31. Bf4 Qd8 32. Qb3 Qb6 33. Qc2
g5 34. Be3 Qc7 35. Bd4 Ne4 36. Kg2 f5 37. Qe2 Qf7 38. Qf3 Rg6 39. Bc2 g4 40.
hxg4 fxg4 41. Qxf7+ Kxf7 42. Be3 Ke6 43. Bb3 Rd8 44. Rd4 Nc5 45. Bc2 Rf6 46.
Rxg4 b6 47. Bd4 h5 48. Rg5 Rh6 49. Bg7 Rdh8 50. Bxh8 Rxh8 51. Rg6+ 1/2-1/2

[Event "Stuttgarter Stadtmeisterschaft 2010 B"]
[Site "Ditzingen"]
[Date "2010.05.14"]
[Round "3.44"]
[White "Winkler, Alex"]
[Black "Wendland, Tobias"]
[Result "0-1"]
[WhiteElo "1347"]
[BlackElo "1630"]
[PlyCount "32"]
[EventDate "2010.??.??"]

1. e4 e6 2. d4 d5 3. exd5 exd5 4. Nc3 Nf6 5. Bg5 c6 6. Bd3 Bd6 7. Nf3 Bg4 8. h3
Bh5 9. g4 Bg6 10. Ne5 O-O 11. Bxg6 fxg6 12. Qd2 Nbd7 13. f4 Qa5 14. Nxd7 Nxd7
15. O-O-O h6 16. Bh4 Bxf4 0-1

[Event "Stuttgarter Stadtmeisterschaft 2010 B"]
[Site "Ditzingen"]
[Date "2010.05.14"]
[Round "3.45"]
[White "Hartmann, Anatoli"]
[Black "Kalwei, Reinhard"]
[Result "1-0"]
[WhiteElo "1591"]
[BlackElo "1319"]
[PlyCount "93"]
[EventDate "2010.??.??"]

1. d4 d5 2. Bf4 e6 3. e3 Bd6 4. Bxd6 Qxd6 5. c3 Nf6 6. Bd3 Nc6 7. Nf3 O-O 8.
O-O Re8 9. Bb5 a6 10. Bxc6 bxc6 11. Nbd2 c5 12. Nb3 cxd4 13. cxd4 Nd7 14. Qc2
h6 15. Rfc1 Ra7 16. Nc5 Nf6 17. h3 Nd7 18. Nxd7 Bxd7 19. Ne5 Rc8 20. Nd3 Bb5
21. Nc5 e5 22. a4 Be8 23. Qf5 Raa8 24. dxe5 Qg6 25. Qxg6 fxg6 26. f4 Bf7 27.
Kf2 Re8 28. e6 Bxe6 29. Nxe6 Rxe6 30. Rxc7 Rb6 31. Ra2 Rab8 32. Rc2 a5 33. Kf3
Rb4 34. Rc5 Rxb2 35. Rxb2 Rxb2 36. Rxd5 Ra2 37. Rxa5 Kf7 38. h4 h5 39. g3 Ra1
40. e4 Ra3+ 41. Kg2 Ra2+ 42. Kh3 Re2 43. e5 Re4 44. Ra7+ Ke6 45. a5 Ra4 46.
Rxg7 Rxa5 47. Rxg6+ 1-0

[Event "Stuttgarter Stadtmeisterschaft 2010 B"]
[Site "Ditzingen"]
[Date "2010.05.14"]
[Round "3.46"]
[White "Griesche, Veit"]
[Black "Wendland, Viktor"]
[Result "1/2-1/2"]
[WhiteElo "1302"]
[BlackElo "1588"]
[PlyCount "67"]
[EventDate "2010.??.??"]

1. Nf3 e6 2. e4 d5 3. exd5 exd5 4. d4 Nf6 5. Bd3 Bd6 6. O-O O-O 7. Bg5 Bg4 8.
Nbd2 c6 9. h3 Bh5 10. c3 Nbd7 11. Qc2 Qc7 12. Rfe1 b6 13. b3 c5 14. dxc5 bxc5
15. c4 dxc4 16. Bxc4 Bg6 17. Qc3 Rae8 18. Rxe8 Rxe8 19. Be3 Ne4 20. Nxe4 Bxe4
21. Ng5 Bg6 22. Re1 Ne5 23. Bd5 Nd3 24. Bxf7+ Bxf7 25. Qxd3 Bg6 26. Qd5+ Kh8
27. Bd2 Rxe1+ 28. Bxe1 Qe7 29. Bc3 Qd7 30. Be5 h6 31. Bxd6 hxg5 32. Qxc5 g4 33.
hxg4 Qxg4 34. Qxa7 1/2-1/2

[Event "Stuttgarter Stadtmeisterschaft 2010 B"]
[Site "Ditzingen"]
[Date "2010.05.14"]
[Round "3.47"]
[White "Sievers, Gerda"]
[Black "Weigel, Curt"]
[Result "1-0"]
[WhiteElo "1206"]
[BlackElo "1554"]
[PlyCount "106"]
[EventDate "2010.??.??"]

1. e4 e6 2. d4 d5 3. e5 c5 4. Nf3 Nc6 5. c3 Qb6 6. b3 cxd4 7. cxd4 Bb4+ 8. Ke2
Bd7 9. Ke3 Nge7 10. Bd3 Nf5+ 11. Bxf5 exf5 12. a3 Be7 13. b4 O-O 14. Nc3 Be6
15. Na4 Qc7 16. Nc5 Rac8 17. g3 b6 18. Nd3 f6 19. Bb2 fxe5 20. dxe5 Qd7 21. Nd4
Nxd4 22. Bxd4 Rc7 23. f4 Rfc8 24. Rc1 Rxc1 25. Nxc1 a5 26. Nd3 axb4 27. axb4
Qb5 28. Qd2 Rc4 29. Rb1 Bc8 30. Rc1 Ba6 31. Rb1 g5 32. h3 g4 33. h4 h5 34. Rb2
Rxd4 35. Kxd4 Qc4+ 36. Ke3 Qe4+ 37. Kf2 Bxd3 38. Qe3 Qh1 39. Qxd3 Qh2+ 40. Ke1
Qxb2 41. Qxd5+ Kg7 42. Kf1 Qxb4 43. Qe6 Qb5+ 44. Ke1 Bb4+ 45. Kf2 Bc5+ 46. Ke1
Qb1+ 47. Ke2 Qc2+ 48. Ke1 Bb4+ 49. Kf1 Qd3+ 50. Kg2 Qe2+ 51. Kh1 Qf1+ 52. Kh2
Qh3+ 53. Kg1 Bc5# 1-0

[Event "Stuttgarter Stadtmeisterschaft 2010 B"]
[Site "Ditzingen"]
[Date "2010.05.14"]
[Round "4.1"]
[White "Cosic, Dzafer"]
[Black "Lörincz, Peter"]
[Result "0-1"]
[WhiteElo "1879"]
[BlackElo "1840"]
[PlyCount "80"]
[EventDate "2010.??.??"]
[WhiteTeam "SC Erdmannhausen"]
[BlackTeam "SK Lauffen"]

1. e4 b6 2. d4 Bb7 3. Bd3 e6 4. Nf3 Nf6 5. Bg5 Be7 6. Nc3 d6 7. Qe2 Nbd7 8. Rd1
O-O 9. e5 Bxf3 10. Qxf3 dxe5 11. Bxf6 Bxf6 12. dxe5 Bxe5 13. Be4 Rb8 14. O-O
Qe7 15. Qh5 g6 16. Rxd7 Bxh2+ 17. Qxh2 Qxd7 18. Rd1 Qe7 19. a3 c5 20. Bd3 Rbd8
21. b3 Rd4 22. Ne2 Rh4 23. Qg3 Rd8 24. Re1 Rd5 25. Nf4 Rd4 26. Re4 Rxe4 27.
Bxe4 Qf6 28. Nh3 Rxe4 29. Qb8+ Kg7 30. f4 Qa1+ 31. Kh2 Re1 32. Nf2 Re2 33. Nd3
Qf6 34. Kh3 Re3+ 35. Kh2 Qh4+ 36. Kg1 Qg3 37. Qb7 Re2 38. Kf1 Rxc2 39. Qe4 Rd2
40. Qe5+ f6 0-1

[Event "Stuttgarter Stadtmeisterschaft 2010 B"]
[Site "Ditzingen"]
[Date "2010.05.14"]
[Round "4.2"]
[White "Mages, Steffen"]
[Black "Schaffert, Walter"]
[Result "0-1"]
[WhiteElo "1865"]
[BlackElo "1756"]
[PlyCount "54"]
[EventDate "2010.??.??"]
[WhiteTeam "SK Schwäbisch Hall"]
[BlackTeam "SG Ludwigsburg 1919"]

1. d4 f5 2. c4 e6 3. Bf4 Nf6 4. Nc3 Bb4 5. Qb3 Bxc3+ 6. bxc3 b6 7. Qa3 Bb7 8.
e3 d6 9. f3 Nbd7 10. Bd3 O-O 11. Ne2 Qe8 12. Bc2 Qh5 13. O-O a5 14. Rae1 Rae8
15. e4 e5 16. dxe5 dxe5 17. Ng3 Qf7 18. Bd2 f4 19. Ne2 Nc5 20. g3 g5 21. gxf4
gxf4 22. Kh1 Kh8 23. Rg1 Rg8 24. Ba4 Rd8 25. Nxf4 Rxd2 26. Qc1 Nfxe4 27. Rxg8+
Qxg8 0-1

[Event "Stuttgarter Stadtmeisterschaft 2010 B"]
[Site "Ditzingen"]
[Date "2010.05.14"]
[Round "4.3"]
[White "Balija, Cerim"]
[Black "Ohnmacht, Simon"]
[Result "0-1"]
[WhiteElo "1608"]
[BlackElo "1883"]
[PlyCount "96"]
[EventDate "2010.??.??"]
[WhiteTeam "Mönchfelder SV 1967"]
[BlackTeam "SC Mühlacker 1923 e.V."]

1. e4 d5 2. exd5 Qxd5 3. Nc3 Qa5 4. Nf3 Bf5 5. Be2 c6 6. d3 Nd7 7. Nh4 Bg6 8.
Bd2 Qc7 9. Nxg6 hxg6 10. g3 e6 11. a3 Ngf6 12. b4 Bd6 13. Ne4 Nxe4 14. dxe4 Nf6
15. Bf3 O-O-O 16. c4 Be5 17. Ra2 Rd3 18. O-O Rhd8 19. Qe2 Qd7 20. Bg5 Rc3 21.
Rd2 Qe7 22. Rxd8+ Qxd8 23. a4 Qd3 24. Qxd3 Rxd3 25. Kg2 Ra3 26. Bxf6 Bxf6 27.
Bd1 Ra2 28. Kf3 Bd4 29. b5 Kc7 30. Bb3 Rb2 31. Bd1 Rb4 32. bxc6 Kxc6 33. e5
Rxc4 34. Bb3 Rc3+ 35. Ke4 Rxb3 36. Kxd4 Rb4+ 37. Kd3 Rxa4 38. Rc1+ Kd7 39. Re1
Ra6 40. Rd1 Kc7 41. h4 Rc6 42. Rh1 b5 43. h5 gxh5 44. Rxh5 Kb6 45. Rh7 b4 46.
Rxg7 b3 47. Rg4 a5 48. Rd4 b2 0-1

[Event "Stuttgarter Stadtmeisterschaft 2010 B"]
[Site "Ditzingen"]
[Date "2010.05.14"]
[Round "4.4"]
[White "Hartmann, Lorenz"]
[Black "Buzan, Raffael"]
[Result "1/2-1/2"]
[WhiteElo "1860"]
[BlackElo "1746"]
[PlyCount "69"]
[EventDate "2010.??.??"]
[WhiteTeam "SC Heitersheim"]
[BlackTeam "SAbt VfL Sindelfingen"]

1. Nf3 d5 2. g3 b5 3. Bg2 Bb7 4. O-O Nf6 5. d3 e6 6. c3 Be7 7. a4 a6 8. Qb3 Qd7
9. Ne5 Qd6 10. Bf4 Qb6 11. Be3 c5 12. axb5 Qxb5 13. Qxb5+ axb5 14. Na3 b4 15.
Nb5 O-O 16. Rxa8 Bxa8 17. Ra1 Nc6 18. Nc7 Nxe5 19. Rxa8 Rxa8 20. Nxa8 bxc3 21.
bxc3 c4 22. d4 Ned7 23. Nc7 Nb6 24. Bd2 Bd8 25. Nb5 Ne8 26. e4 Nc7 27. Na7 Be7
28. exd5 exd5 29. Bf4 Ne6 30. Bb8 Ba3 31. Nb5 Bb2 32. Ba7 Na4 33. Bxd5 Nxc3 34.
Nxc3 Bxc3 35. h3 1/2-1/2

[Event "Stuttgarter Stadtmeisterschaft 2010 B"]
[Site "Ditzingen"]
[Date "2010.05.14"]
[Round "4.5"]
[White "Körber, Christian"]
[Black "Riegel, Frank"]
[Result "0-1"]
[WhiteElo "1669"]
[BlackElo "1858"]
[PlyCount "40"]
[EventDate "2010.??.??"]
[WhiteTeam "SF Fürth 1951 e.V."]
[BlackTeam "SV Stuttgart-Wolfbusch 1956 e.V."]

1. d4 d5 2. Nf3 Nf6 3. e3 c6 4. Bd3 Nbd7 5. b3 e6 6. O-O Bd6 7. Bb2 Qc7 8. Nbd2
e5 9. e4 O-O 10. c4 dxe4 11. Nxe4 Nxe4 12. Bxe4 f5 13. Bc2 e4 14. Ng5 Bxh2+ 15.
Kh1 Nf6 16. d5 Bf4 17. Bxf6 Rxf6 18. Nh3 Be5 19. Rc1 Rh6 20. f4 Bxf4 0-1

[Event "Stuttgarter Stadtmeisterschaft 2010 B"]
[Site "Ditzingen"]
[Date "2010.05.14"]
[Round "4.6"]
[White "Helfrich, Leo"]
[Black "Drapchin, Marc"]
[Result "1-0"]
[WhiteElo "1701"]
[BlackElo "1830"]
[PlyCount "63"]
[EventDate "2010.??.??"]
[WhiteTeam "SC Pforzheim 1906"]
[BlackTeam "SV Dicker Turm Esslingen"]

1. d4 Nf6 2. c4 Nc6 3. Nc3 e6 4. a3 g6 5. e4 Bg7 6. e5 Ng8 7. f4 d6 8. Nf3 Nge7
9. d5 exd5 10. cxd5 Nb8 11. Bc4 O-O 12. O-O Nd7 13. exd6 cxd6 14. Be3 Qc7 15.
Ba2 Bxc3 16. Rc1 Qa5 17. Rxc3 Nf5 18. Bf2 Qd8 19. g4 Ng7 20. h3 b6 21. Bh4 f6
22. Nd4 Nc5 23. Re1 Bd7 24. Nc6 Bxc6 25. dxc6+ Kh8 26. b4 Na6 27. Rce3 Nc7 28.
Re7 Nce8 29. Bd5 Nc7 30. Rd7 Qc8 31. Ree7 Nce8 32. c7 1-0

[Event "Stuttgarter Stadtmeisterschaft 2010 B"]
[Site "Ditzingen"]
[Date "2010.05.14"]
[Round "4.7"]
[White "Peter, Silvio"]
[Black "Schmidt, Markus"]
[Result "0-1"]
[WhiteElo "1819"]
[BlackElo "1768"]
[PlyCount "110"]
[EventDate "2010.??.??"]
[WhiteTeam "SAbt DJK Stuttgart-Süd"]
[BlackTeam "Stuttgarter SF 1879"]

1. e4 c5 2. Nc3 Nc6 3. g3 Nf6 4. Bg2 g6 5. d3 Bg7 6. f4 e5 7. Nf3 d6 8. Ne2 Qb6
9. Be3 Ng4 10. Bg1 exf4 11. Nxf4 Bxb2 12. Rb1 Qa5+ 13. Ke2 Qxa2 14. h3 Nf6 15.
Be3 Bc3 16. Kf2 Qa5 17. Ne2 Be5 18. Nxe5 Nxe5 19. Bg5 Qd8 20. Rf1 Nfg4+ 21.
hxg4 Qxg5 22. Nf4 Nxg4+ 23. Kg1 Ne3 24. Qf3 Nxf1 25. Rxf1 Bg4 26. Qf2 O-O 27.
c3 Qe5 28. d4 cxd4 29. cxd4 Qg7 30. Qb2 Rab8 31. Qb4 Rfd8 32. Nd5 f5 33. Ne3 a5
34. Qc4+ Kh8 35. Nxg4 fxg4 36. Rf7 Rbc8 37. Qd5 Rc1+ 38. Bf1 Qh6 39. e5 Qe3+
40. Kh2 Rc2+ 41. Bg2 Qh6+ 42. Kg1 Rxg2+ 43. Qxg2 Qe3+ 44. Qf2 Qxf2+ 45. Kxf2
dxe5 46. dxe5 Re8 47. Rxb7 Rxe5 48. Ra7 Rf5+ 49. Kg2 Kg8 50. Kg1 h5 51. Ra6 Kg7
52. Rb6 Kh6 53. Kg2 Kg5 54. Rc6 Rd5 55. Ra6 Kf5 0-1

[Event "Stuttgarter Stadtmeisterschaft 2010 B"]
[Site "Ditzingen"]
[Date "2010.05.14"]
[Round "4.8"]
[White "Ostertag, Stephan"]
[Black "Holzner, Tony"]
[Result "1/2-1/2"]
[WhiteElo "1806"]
[BlackElo "1685"]
[PlyCount "33"]
[EventDate "2010.??.??"]
[WhiteTeam "SV Urach"]
[BlackTeam "Stuttgarter SF 1879"]

1. e4 e6 2. d4 d5 3. Nd2 Nf6 4. e5 Nfd7 5. f4 c5 6. c3 Nc6 7. Ndf3 Qb6 8. Ne2
Be7 9. g3 f6 10. Bh3 f5 11. O-O h5 12. Ng5 Nf8 13. a3 Bd7 14. Rb1 Ng6 15. Be3
Na5 16. Bf2 c4 17. Kh1 1/2-1/2

[Event "Stuttgarter Stadtmeisterschaft 2010 B"]
[Site "Ditzingen"]
[Date "2010.05.14"]
[Round "4.9"]
[White "Rieder, Josef"]
[Black "Werner, Stefan"]
[Result "1/2-1/2"]
[WhiteElo "1886"]
[BlackElo "1703"]
[PlyCount "54"]
[EventDate "2010.??.??"]
[WhiteTeam "Stuttgarter SF 1879"]
[BlackTeam "SSV Zuffenhausen"]

1. e4 e5 2. Nf3 Nc6 3. Bb5 a6 4. Ba4 Nf6 5. O-O b5 6. Bb3 Be7 7. Re1 d6 8. h3
Na5 9. c3 Nxb3 10. Qxb3 Be6 11. Qd1 c5 12. d4 exd4 13. cxd4 O-O 14. Bg5 h6 15.
Bh4 c4 16. Nbd2 d5 17. e5 Nd7 18. Bxe7 Qxe7 19. a3 Bf5 20. Nf1 Nb6 21. Ng3 Bg6
22. Qd2 a5 23. Re3 b4 24. Qe1 Rfe8 25. Ne2 Red8 26. Nf4 Bf5 27. Kh2 c3 1/2-1/2

[Event "Stuttgarter Stadtmeisterschaft 2010 B"]
[Site "Ditzingen"]
[Date "2010.05.14"]
[Round "4.10"]
[White "Schreiber, Stephan"]
[Black "Rühl, Volker"]
[Result "0-1"]
[WhiteElo "1703"]
[BlackElo "1866"]
[PlyCount "102"]
[EventDate "2010.??.??"]
[WhiteTeam "SC Schachmatt Botnang"]
[BlackTeam "SAbt VfL Sindelfingen"]

1. d4 d5 2. Bf4 Nf6 3. e3 g6 4. Be2 Bg7 5. h3 O-O 6. Nf3 Ne4 7. Nbd2 Nxd2 8.
Qxd2 Nd7 9. O-O Nf6 10. Qb4 Ne4 11. Rac1 c6 12. c4 a5 13. Qb3 dxc4 14. Bxc4 Nd6
15. Bxd6 exd6 16. e4 a4 17. Qb4 Re8 18. Rfe1 Bf8 19. Qc3 Qa5 20. a3 Bh6 21.
Qxa5 Rxa5 22. Rc2 Kf8 23. Rce2 Bd7 24. Bd3 Bg7 25. Rc1 Raa8 26. d5 c5 27. Rcc2
b5 28. Rcd2 h6 29. Bb1 g5 30. Ne1 Re7 31. f3 Rae8 32. Kh1 f5 33. Kh2 fxe4 34.
fxe4 Kg8 35. g4 h5 36. gxh5 Be5+ 37. Kg2 c4 38. Nf3 Bf4 39. Rd1 Kg7 40. Nd4 Rh8
41. Rf2 Rxh5 42. Rf3 Re8 43. Ne2 Be5 44. Rdf1 Re7 45. Nc3 g4 46. hxg4 Rh2+ 47.
Kg1 Rxb2 48. Na2 Bxg4 49. Rf8 Bh3 50. R8f2 Bd4 51. Kh2 Bxf1 0-1

[Event "Stuttgarter Stadtmeisterschaft 2010 B"]
[Site "Ditzingen"]
[Date "2010.05.14"]
[Round "4.11"]
[White "Gheng, Hannelore"]
[Black "Luft, Jakob"]
[Result "0-1"]
[WhiteElo "1692"]
[BlackElo "1862"]
[PlyCount "42"]
[EventDate "2010.??.??"]
[WhiteTeam "SF Deizisau"]
[BlackTeam "SV Untertürkheim e.V."]

1. e4 e5 2. Nf3 Nf6 3. Nxe5 d6 4. Nf3 Nxe4 5. Bc4 d5 6. Qe2 Be7 7. O-O O-O 8.
Bb3 c5 9. d3 Nf6 10. Bg5 Be6 11. Nbd2 Nc6 12. c3 Qc7 13. h3 Rfe8 14. Ba4 Nh5
15. Bxe7 Rxe7 16. Bxc6 bxc6 17. Ng5 Nf4 18. Qf3 Bf5 19. Rfe1 Rae8 20. Rxe7 Rxe7
21. Nb3 h6 0-1

[Event "Stuttgarter Stadtmeisterschaft 2010 B"]
[Site "Ditzingen"]
[Date "2010.05.14"]
[Round "4.12"]
[White "Philippin, Otto"]
[Black "Ellinger, Harald"]
[Result "0-1"]
[WhiteElo "1692"]
[BlackElo "1854"]
[PlyCount "108"]
[EventDate "2010.??.??"]

1. f4 d5 2. Nf3 c5 3. e3 Nc6 4. Bb5 Bd7 5. b3 Nf6 6. Bb2 e6 7. c4 a6 8. Bxc6
Bxc6 9. O-O b5 10. Ne5 Bb7 11. d3 Be7 12. Nd2 O-O 13. Qf3 Ra7 14. Qg3 g6 15.
Ndf3 Nh5 16. Qh3 f5 17. Rfd1 Bf6 18. g4 fxg4 19. Qxg4 Qe8 20. h4 d4 21. e4 Bc8
22. Bc1 Bg7 23. Bd2 b4 24. Rf1 a5 25. Kh2 a4 26. Rg1 axb3 27. axb3 Rxa1 28.
Rxa1 Bxe5 29. Nxe5 Nf6 30. Qg5 Nd7 31. Ra7 Nxe5 32. Qxe5 Rf7 33. Qxc5 Rxa7 34.
Qxa7 e5 35. Bxb4 Qe6 36. f5 gxf5 37. Qe7 Qxe7 38. Bxe7 fxe4 39. dxe4 Bb7 40.
Bg5 Kf7 41. Bd2 Bxe4 42. b4 Bc2 43. Kg3 Ke6 44. Kf3 Ba4 45. c5 Bc6+ 46. Kf2 Kf5
47. Ke1 e4 48. Bg5 e3 49. Ke2 Ke4 50. Bxe3 dxe3 51. h5 Bb7 52. Kd1 Kd3 53. h6
Bc6 54. Ke1 Ba4 0-1

[Event "Stuttgarter Stadtmeisterschaft 2010 B"]
[Site "Ditzingen"]
[Date "2010.05.14"]
[Round "4.13"]
[White "Zikeli, Julia"]
[Black "Lebeda, Lukas"]
[Result "1-0"]
[WhiteElo "1848"]
[BlackElo "1686"]
[PlyCount "47"]
[EventDate "2010.??.??"]
[WhiteTeam "SG Schwäb.Gmünd 1872 e.V"]
[BlackTeam "SF Deizisau"]

1. e4 c5 2. Nf3 g6 3. d4 cxd4 4. Nxd4 Bg7 5. Bc4 Nc6 6. Be3 Nf6 7. Nc3 O-O 8.
f3 a6 9. Qd2 Qc7 10. Bb3 Rd8 11. O-O-O b5 12. g4 Bb7 13. h4 Na5 14. h5 Nxb3+
15. axb3 d5 16. hxg6 hxg6 17. e5 Qxe5 18. Bf4 Ne4 19. fxe4 Qxd4 20. Qh2 Qf6 21.
e5 Qe6 22. Qh7+ Kf8 23. Bh6 Qxe5 24. Qh8# 1-0

[Event "Stuttgarter Stadtmeisterschaft 2010 B"]
[Site "Ditzingen"]
[Date "2010.05.14"]
[Round "4.14"]
[White "Leroy, Patrick"]
[Black "Götzfried, Rudolf"]
[Result "1-0"]
[WhiteElo "1835"]
[BlackElo "1668"]
[PlyCount "89"]
[EventDate "2010.??.??"]

1. e4 c6 2. d4 d5 3. Nc3 e6 4. Nf3 Bb4 5. e5 Nd7 6. Bd2 Ne7 7. a3 Bxc3 8. bxc3
c5 9. Be2 Qc7 10. O-O Nb6 11. Bd3 Bd7 12. Ng5 h6 13. Qh5 Rf8 14. Nf3 O-O-O 15.
Ne1 f5 16. Qd1 c4 17. Be2 g5 18. Bh5 Be8 19. Bxe8 Rdxe8 20. a4 a5 21. Qb1 Nc6
22. Bc1 Nd7 23. Ba3 Rg8 24. Bd6 Qb6 25. Qa2 Qa7 26. Rb1 g4 27. g3 h5 28. Ng2
Rg7 29. Rb5 Nd8 30. Rfb1 b6 31. Qa3 Nf7 32. Nf4 Rh7 33. Be7 Nfxe5 34. dxe5
Rhxe7 35. Nxh5 Nxe5 36. Rxb6 Nf3+ 37. Kg2 Rh7 38. Rc6+ Rc7 39. Rcb6 Rh8 40. h4
Re8 41. Qd6 Ree7 42. Nf4 Nd2 43. Nxe6 Rxe6 44. Qxe6+ Kd8 45. Rb8+ 1-0

[Event "Stuttgarter Stadtmeisterschaft 2010 B"]
[Site "Ditzingen"]
[Date "2010.05.14"]
[Round "4.15"]
[White "Hua, Qi Cheng"]
[Black "Wezel, Sebastian"]
[Result "1/2-1/2"]
[WhiteElo "1656"]
[BlackElo "1793"]
[PlyCount "25"]
[EventDate "2010.??.??"]

1. d4 Nf6 2. c4 c5 3. d5 b5 4. cxb5 a6 5. bxa6 Bxa6 6. Nc3 d6 7. Nf3 g6 8. g3
Bg7 9. Bg2 O-O 10. O-O Nbd7 11. Re1 Qa5 12. Bd2 Ng4 13. h3 1/2-1/2

[Event "Stuttgarter Stadtmeisterschaft 2010 B"]
[Site "Ditzingen"]
[Date "2010.05.14"]
[Round "4.16"]
[White "Häfele, Torsten"]
[Black "Uhlarz, Jörg"]
[Result "1/2-1/2"]
[WhiteElo "1640"]
[BlackElo "1792"]
[PlyCount "48"]
[EventDate "2010.??.??"]

1. e4 e5 2. Nf3 Nc6 3. Bc4 Be7 4. d4 exd4 5. Nxd4 Ne5 6. Bb3 Nf6 7. O-O O-O 8.
f4 Ng6 9. e5 Ne4 10. c3 Nc5 11. Bc2 d6 12. Qh5 h6 13. e6 Nxe6 14. Nxe6 Bxe6 15.
f5 Bc4 16. fxg6 Bxf1 17. Bb3 d5 18. gxf7+ Rxf7 19. Bxd5 Bc5+ 20. Kh1 Qf6 21.
Bxf7+ Qxf7 22. Qxc5 Re8 23. Be3 Bxg2+ 24. Kxg2 Qg6+ 1/2-1/2

[Event "Stuttgarter Stadtmeisterschaft 2010 B"]
[Site "Ditzingen"]
[Date "2010.05.14"]
[Round "4.17"]
[White "Hamm, Julian"]
[Black "Zaytsev, Evgeny"]
[Result "1-0"]
[WhiteElo "1633"]
[BlackElo "1775"]
[PlyCount "49"]
[EventDate "2010.??.??"]

1. c4 e5 2. Nc3 Nf6 3. g3 d5 4. cxd5 Nxd5 5. Bg2 Nb6 6. Nf3 N8d7 7. O-O Be7 8.
d3 O-O 9. Bd2 Re8 10. Rb1 Bf8 11. b4 h6 12. a4 Nf6 13. Qc2 Rb8 14. Nb5 c6 15.
Nxa7 Bd7 16. b5 e4 17. bxc6 bxc6 18. dxe4 Rxe4 19. Ba5 Rc4 20. Qxc4 Nxc4 21.
Bxd8 Rxd8 22. Rbc1 Na5 23. Ne5 Nb3 24. Rcd1 Ra8 25. Nxd7 1-0

[Event "Stuttgarter Stadtmeisterschaft 2010 B"]
[Site "Ditzingen"]
[Date "2010.05.14"]
[Round "4.18"]
[White "Spiegelberg, Silvia"]
[Black "Mainik, Andreas"]
[Result "1-0"]
[WhiteElo "1609"]
[BlackElo "1773"]
[PlyCount "105"]
[EventDate "2010.??.??"]

1. e4 e5 2. Nf3 Nf6 3. Nxe5 d6 4. Nf3 Nxe4 5. Nc3 Nxc3 6. dxc3 Nc6 7. Bc4 Be7
8. Be3 Bf6 9. Qd2 Bf5 10. h3 Ne5 11. Nxe5 dxe5 12. O-O-O Qxd2+ 13. Rxd2 O-O 14.
Rhd1 a6 15. g4 Be4 16. Rd7 Bc6 17. R7d2 Bf3 18. Re1 Rfd8 19. g5 Be7 20. h4 Kf8
21. Be2 Rxd2 22. Bxd2 Bxe2 23. Rxe2 Bd6 24. c4 Re8 25. b4 c5 26. b5 axb5 27.
cxb5 b6 28. a4 Bc7 29. Kb2 f5 30. gxf6 gxf6 31. Re3 Kf7 32. Kb3 Rg8 33. h5 Rg2
34. Rd3 Ke6 35. Be3 f5 36. a5 e4 37. Rd1 f4 38. axb6 Bxb6 39. Bxf4 Kf5 40. Be3
c4+ 41. Kxc4 Bxe3 42. fxe3 Rxc2+ 43. Kd4 Rb2 44. Kc5 Rc2+ 45. Kd6 Rc3 46. Rb1
Rxe3 47. b6 Rg3 48. b7 Rg8 49. b8=Q Rxb8 50. Rxb8 e3 51. Re8 Kf4 52. Ke6 e2 53.
Kf6 1-0

[Event "Stuttgarter Stadtmeisterschaft 2010 B"]
[Site "Ditzingen"]
[Date "2010.05.14"]
[Round "4.19"]
[White "Giugno, Carmelo"]
[Black "Winkler, Tim"]
[Result "0-1"]
[WhiteElo "1506"]
[BlackElo "1736"]
[PlyCount "82"]
[EventDate "2010.??.??"]

1. d4 Nf6 2. c4 d6 3. Nc3 g6 4. Nf3 Bg7 5. Bg5 O-O 6. Qc1 Nbd7 7. Bh6 c5 8.
Bxg7 Kxg7 9. e4 cxd4 10. Nxd4 Nc5 11. Qc2 Qb6 12. Rd1 Ne6 13. Nf3 Bd7 14. Bd3
Rac8 15. O-O Nf4 16. b3 Bg4 17. Be2 Qa5 18. Nd5 N6xd5 19. exd5 Nxe2+ 20. Qxe2
Bxf3 21. Qxf3 Qxa2 22. Qc3+ Kg8 23. Ra1 Qe2 24. Rfe1 Qg4 25. Rxe7 b5 26. h3 Qh4
27. Raxa7 bxc4 28. b4 Qh5 29. Qd4 c3 30. f3 c2 31. Rec7 c1=Q+ 32. Rxc1 Rxc1+
33. Kh2 Qe5+ 34. Qxe5 dxe5 35. Rd7 Rd1 36. b5 Rb8 37. d6 Rxb5 38. Rd8+ Kg7 39.
f4 exf4 40. h4 Rbd5 41. h5 Rxh5# 0-1

[Event "Stuttgarter Stadtmeisterschaft 2010 B"]
[Site "Ditzingen"]
[Date "2010.05.14"]
[Round "4.20"]
[White "Parvin, Shahram"]
[Black "Felser, Martin"]
[Result "0-1"]
[WhiteElo "1471"]
[BlackElo "1894"]
[PlyCount "75"]
[EventDate "2010.??.??"]

1. d4 Nf6 2. c4 e6 3. Bg5 Be7 4. Nf3 h6 5. Bxf6 Bxf6 6. e3 b6 7. Nbd2 Bb7 8.
Qc2 c5 9. Ne4 Be7 10. Rd1 cxd4 11. Rxd4 Bb4+ 12. Nfd2 Qc7 13. Nc3 a6 14. a3 Bc5
15. Rd3 Nc6 16. Nf3 Ne5 17. Nxe5 Qxe5 18. Qd2 Qc7 19. f3 Rd8 20. Be2 Be7 21.
O-O O-O 22. Rd1 d6 23. Rc1 Rd7 24. b3 Rfd8 25. e4 Qc5+ 26. Kh1 Qxa3 27. Na4 Bc6
28. Nxb6 Rb7 29. c5 a5 30. Nc4 Qb4 31. Nxa5 Bxe4 32. Qxb4 Rxb4 33. fxe4 Rxe4
34. Bf3 Re5 35. Nc6 Bg5 36. Rf1 Rxc5 37. Nxd8 Bxd8 38. Rxd6 0-1

[Event "Stuttgarter Stadtmeisterschaft 2010 B"]
[Site "Ditzingen"]
[Date "2010.05.14"]
[Round "4.21"]
[White "Pfeilsticker, Thorsten"]
[Black "Bried, Martin"]
[Result "0-1"]
[WhiteElo "1635"]
[BlackElo "1796"]
[PlyCount "76"]
[EventDate "2010.??.??"]

1. d4 e6 2. Nf3 Nf6 3. e3 c5 4. Bd3 d5 5. c3 Nc6 6. Nbd2 Bd6 7. dxc5 Bxc5 8.
O-O O-O 9. e4 Qc7 10. Qe2 e5 11. exd5 Nxd5 12. Bxh7+ Kxh7 13. Qe4+ f5 14. Qxd5
Qd6 15. Ng5+ Kg6 16. Qf3 Bd7 17. Rd1 Qe7 18. Qd5 Rad8 19. Nb3 Bc8 20. Qf3 e4
21. Qe2 Bd6 22. Nh3 f4 23. Rd5 f3 24. Qc4 Rf5 25. Bg5 Bxh2+ 26. Kf1 Qe6 27.
Bxd8 Qxd5 28. Qxd5 Rxd5 29. Bh4 b6 30. Ng5 Ba6+ 31. c4 Bxc4+ 32. Ke1 fxg2 33.
Nh3 Nb4 34. Nd2 Nc2+ 35. Kd1 Nxa1 36. Kc1 Bd3 37. Bg3 Bxg3 38. fxg3 Kf5 0-1

[Event "Stuttgarter Stadtmeisterschaft 2010 B"]
[Site "Ditzingen"]
[Date "2010.05.14"]
[Round "4.22"]
[White "Hennig, Jan"]
[Black "Helmbrecht, Kurt"]
[Result "1/2-1/2"]
[WhiteElo "1783"]
[BlackElo "1627"]
[PlyCount "39"]
[EventDate "2010.??.??"]

1. c4 c5 2. Nc3 g6 3. Nf3 Bg7 4. g3 Nc6 5. Bg2 Nf6 6. d3 d6 7. Rb1 Rb8 8. a3
O-O 9. O-O Bg4 10. b4 Nd7 11. Bd2 cxb4 12. axb4 Nde5 13. Nxe5 Nxe5 14. h3 Bf5
15. Be3 Nxd3 16. exd3 Bxc3 17. Bxa7 Ra8 18. Be3 Bg7 19. Kh2 Qd7 20. Qd2 1/2-1/2

[Event "Stuttgarter Stadtmeisterschaft 2010 B"]
[Site "Ditzingen"]
[Date "2010.05.14"]
[Round "4.23"]
[White "Ziegler, Michael"]
[Black "Tölg, Wolfgang"]
[Result "0-1"]
[WhiteElo "1656"]
[BlackElo "1756"]
[PlyCount "124"]
[EventDate "2010.??.??"]

1. e4 e5 2. Nf3 Nc6 3. d4 exd4 4. Nxd4 Bc5 5. Be3 Qf6 6. c3 Nge7 7. Qd2 Bb6 8.
Na3 Nxd4 9. cxd4 c6 10. Nc4 Bc7 11. e5 Qg6 12. f3 Nd5 13. Bd3 Qe6 14. Bf2 O-O
15. O-O b5 16. Ne3 g6 17. Nxd5 Qxd5 18. Be4 Qe6 19. f4 f6 20. d5 Qe8 21. dxc6
dxc6 22. Rac1 Bb7 23. Bc5 Bb6 24. Qc3 Rc8 25. Bc2 Kg7 26. Bb3 Qe7 27. e6 Rc7
28. Qe3 Bxc5 29. Rxc5 Bc8 30. g4 h6 31. f5 g5 32. Rfc1 Bb7 33. Bd1 Rfc8 34. Bf3
Qe8 35. Kg2 Qe7 36. b4 a6 37. Be4 Qd6 38. Bf3 Qe7 39. Rh1 Rh8 40. h4 Qd6 41.
Qc3 Rhc8 42. hxg5 hxg5 43. Rh5 Qf4 44. Rh1 Rd8 45. Rd1 Rh8 46. Rh1 Rxh1 47.
Kxh1 Rc8 48. Bg2 Rh8+ 49. Kg1 Qxg4 50. e7 Re8 51. Qe1 Qd4+ 52. Kf1 Qd3+ 53. Kg1
Qd6 54. Qc3 Rxe7 55. Bxc6 Qd1+ 56. Kh2 Qh5+ 57. Kg1 Qh4 58. Bxb7 Re1+ 59. Kg2
Re2+ 60. Kf3 Qf2+ 61. Kg4 Qf4+ 62. Kh3 Qh4# 0-1